000 00293nam a22001337a 4500
008 181015b xxu||||| |||| 00| 0 eng d
020 _a9780691074139
041 _aeng
080 _a320
100 _a21
101 _aSHP
245 _aA Bridging of Faiths
_cDemerath,N.J
942 _2udc
_cBK
999 _c49725
_d49725